000 02015cam a22005054i 4500
003 PE-LiUPU
005 20250731165502.0
008 150623s r 000 0 d
020 _a1850759642
035 _a(Sirsi) i9781850759645
040 _aPE-LiUPU
_bspa
_cPE-LiUPU
_erda
049 _aPRUA
082 0 4 _a225.077
_bJ
_221
100 1 _aKeesmaat, Sylvia C.,
_eautor.
245 1 0 _aPaul and his story :
_b(Re)Interpreting the exodus tradition.
_n181.
264 1 _aSheffield, Inglaterra :
_bSheffield Academic Press,
_c1999.
300 _a289 páginas ;
_c24 centímetros
336 _atext
_2rdacontent
337 _aunmediated
_2rdamedia
338 _avolume
_2rdacarrier
490 0 _aJournal for the Study of the New Testament. Supplement Series ;
_v181
504 _aIncluye bibliografía.
505 0 _aTradition, exodus and intertextuality. -Exodus and tradition in Romans 8.14-17. -Creation, exodus and tradition in Romans 8.18-39. -The function ofnthe tradition in Romans 8.14-39. -The function of the wxodus tradition in Galatians. -The exodus tradition, Paul, and the scriptures of Israel,.
526 _aSEG44
526 _aSEG26
526 _aP151
526 _aP150
526 _aP149
526 _aP146
526 _aP145
526 _aP126
526 _aP125
526 _aP92
526 _aP75
526 _aP74
526 _aP27
526 _aP15
600 1 _aPablo de Tarso.
_d2 a. C. - c. 66 d. C.
942 _2ddc
_cBOOK
949 _aRC 225.077 J 181
_wDEWEY
_c1
_i46444
_lCCODEBUL1
_mBUL
_r0
_sY
_tBOOK
_u2015-6-24
_xTEOLOGIA
_PP35
_0COMPRA
_o.CIRCNOTE. No olvidar cambiar la fecha de devolución!!!!!!!
_o.STAFF. Colección General
994 _aC0
_bPEPRU
596 _a1
999 _aRC 225.077 J 181
_wDEWEY
_c23210
_i46444
_f2021-11-8
_g7
_lCCODEBUL1
_mBUL
_r1
_sY
_tBOOK
_u2015-6-24
_xTEOLOGIA
_PP35
_0COMPRA
_o.CIRCNOTE. No olvidar cambiar la fecha de devolución!!!!!!!
_o.STAFF. Colección General
_d23210
980 _81
_gALBERTO SANCHEZ Responsable de Automatización